000
00332nam a22001457a 4500
003
OSt
008
210915b ||||| |||| 00| 0 eng d
020
_a
9789389538229
100
_a
HUSAIN,Majid
245
_a
Indian and World Geography
250
_a
5th
260
_b
McGraw Hill
_c
2021
300
_a
11313.57pg
942
_2
ddc
_c
REF
999
_c
10928
_d
10928